Las defensas de México en 1824 / (Record no. 94977)
[ view plain ]
| 000 -CABECERA | |
|---|---|
| campo de control de longitud fija | 00562nam a2200169 a 4500 |
| 005 - FECHA Y HORA DE LA ÚLTIMA TRANSACCIÓN | |
| campo de control | 20210223124850.0 |
| 008 - ELEMENTOS DE LONGITUD FIJA--INFORMACIÓN GENERAL | |
| campo de control de longitud fija | 030312s1983 mx r 000 0 spa d |
| 035 ## - NÚMERO DE CONTROL DEL SISTEMA | |
| Número de control de sistema | UPN01000122794 |
| 049 ## - COLECCIÓN | |
| Colección | CG |
| 050 #4 - SIGNATURA TOPOGRÁFICA DE LA BIBLIOTECA DEL CONGRESO | |
| Número de clasificación | F1232 |
| Número de documento/Ítem | M6.23 |
| 100 1# - ASIENTO PRINCIPAL--NOMBRE PERSONAL | |
| Nombre de persona | Mora y Villamil, Ignacio de |
| 245 14 - MENCIÓN DE TÍTULO | |
| Título | Las defensas de México en 1824 / |
| Mención de responsabilidad, etc. | por Ignacio de Mora y Villamil ; transcripción y notas de W. Michael Mathes. |
| 260 ## - PUBLICACIÓN, DISTRIBUCIÓN, ETC. | |
| Lugar de publicación, distribución, etc. | Monterrey : |
| Nombre del editor, distribuidor, etc. | UANL, |
| Fecha de publicación, distribución, etc. | 1983. |
| 300 ## - DESCRIPCIÓN FÍSICA | |
| Extensión | 49 p. : |
| Otras características físicas | il. + apéndice |
| 651 #4 - ASIENTO SECUNDARIO DE MATERIA - NOMBRE GEOGRAFICO | |
| Nombre geográfico | MEXICO - |
| Subdivisión general | HISTORIA - |
| Subdivisión cronológica | FEDERALISMO, 1824-1835 |
| 9 (RLIN) | 24435 |
| 905 ## - TIPO DE MATERIAL | |
| Tipo de material | Libro |
| Estado de retiro | Estado de pérdida | Fuente del sistema de clasificación o colocación | Estado dañado | No para préstamo | Código de colección | Localización permanente | Ubicación/localización actual | Ubicación en estantería | Fecha de adquisición | Total de préstamos | Clasificación | Código de barras | Fecha visto por última vez | Fecha del último préstamo | Número de copia | Tipo de ítem Koha |
|---|---|---|---|---|---|---|---|---|---|---|---|---|---|---|---|---|
| Library of Congress Classification | Colección General | Bib. Gregorio Torres Quintero | Bib. Gregorio Torres Quintero | Planta baja | 21/11/2023 | 1 | F1232 M6.23 | 78347 | 23/11/2023 | 21/11/2023 | 1 | Libro |
